Quality circles : (Record no. 129141)
[ view plain ]
| 000 -LEADER | |
|---|---|
| fixed length control field | 00761nam a22002417a 4500 |
| 005 - DATE AND TIME OF LATEST TRANSACTION | |
| control field | 20170124110051.0 |
| 010 ## - LIBRARY OF CONGRESS CONTROL NUMBER | |
| LC control number | A-574669 |
| 020 ## - INTERNATIONAL STANDARD BOOK NUMBER | |
| Terms of availability | 00.00 |
| International Standard Book Number | 0074624814 |
| 035 ## - SYSTEM CONTROL NUMBER | |
| System control number | A-574669 |
| 037 ## - SOURCE OF ACQUISITION | |
| Source of stock number/acquisition | Cen Lib/Ret |
| 040 ## - CATALOGING SOURCE | |
| Original cataloging agency | DPL |
| Language of cataloging | EN |
| 082 ## - DEWEY DECIMAL CLASSIFICATION NUMBER | |
| Classification number | 658.269 |
| Item number | UDA |
| 100 ## - MAIN ENTRY--PERSONAL NAME | |
| Personal name | Udpa, S. R. |
| 9 (RLIN) | 25539 |
| 245 ## - TITLE STATEMENT | |
| Title | Quality circles : |
| Statement of responsibility, etc | by S R Udpa |
| Remainder of title | progress through participation / |
| 250 ## - EDITION STATEMENT | |
| Edition statement | 2nd ed |
| 260 ## - PUBLICATION, DISTRIBUTION, ETC. (IMPRINT) | |
| Place of publication, distribution, etc | New Delhi |
| Name of publisher, distributor, etc | Tata Mcgraw-Hill Publishing Company |
| Date of publication, distribution, etc | 1993 |
| 270 ## - ADDRESS | |
| Address | 4/12, Asaf ali road |
| City | New Delhi |
| Postal code | 110002 |
| 300 ## - PHYSICAL DESCRIPTION | |
| Extent | xiv, 226p. : |
| Dimensions | 21cm(Hb) |
| 500 ## - GENERAL NOTE | |
| General note | Includes bibliographical references and index |
| 650 ## - SUBJECT ADDED ENTRY--TOPICAL TERM | |
| Topical term or geographic name as entry element | Quality management |
| 9 (RLIN) | 17216 |
| 650 ## - SUBJECT ADDED ENTRY--TOPICAL TERM | |
| Topical term or geographic name as entry element | Quality circle |
| 9 (RLIN) | 25540 |
| 942 ## - ADDED ENTRY ELEMENTS (KOHA) | |
| Source of classification or shelving scheme | Dewey Decimal Classification |
| Koha item type | English Books |
| Classification part | 658.569 |
| Call number suffix | UDA |
| Withdrawn status | Lost status | Damaged status | Not for loan | Home library | Current library | Date acquired | Source of acquisition | Cost, normal purchase price | Total Checkouts | Full call number | Barcode | Date last seen | Copy number | Cost, replacement price | Price effective from | Koha item type | Public note |
|---|---|---|---|---|---|---|---|---|---|---|---|---|---|---|---|---|---|
| Written off | Central Library | Central Library | 04/07/2015 | Cen Lib/Ret | 0.00 | 658.269 UDA | A-574669 | 04/07/2015 | 1 | 0.00 | 04/07/2015 | English Books | Written off on approval by DLB (By Circulation); dtd 15-06-2023 |
